[Event "5ème Open de St Chély d'Aubrac"]
[Site "St-Chély d'Aubrac"]
[Date "2005.07.15"]
[Round "8.24"]
[White "Karsenty, Madeleine"]
[Black "Lepere, Philippe"]
[Result "0-1"]
[WhiteElo "1380"]
[BlackElo "1740"]
[PlyCount "92"]

1. d4 d6 2. Nf3 Nf6 3. Bg5 Nbd7 4. Nbd2 e5 5. dxe5 dxe5 6. e4 Be7 7. Bd3 O-O 8.
O-O c6 9. Re1 b5 10. c3 a5 11. Bxf6 Bxf6 12. c4 Nc5 13. Bc2 b4 14. b3 Ne6 15.
Nf1 Qb6 16. Qe2 Nf4 17. Qe3 Qc7 18. Rad1 Qe7 19. Ng3 Bg5 20. Nxg5 Qxg5 21. Kh1
h5 22. Rg1 Be6 23. Rd2 Rad8 24. Nf1 Rd4 25. g3 Nh3 26. Qxg5 Nxg5 27. Rxd4 exd4
28. Nd2 Bg4 29. Bd1 Nh3 30. Bxg4 Nxf2+ 31. Kg2 Nxg4 32. Re1 Ne5 33. Rf1 Ng4 34.
Rf4 g5 35. Rf3 f5 36. h3 Ne3+ 37. Kf2 Kg7 38. exf5 g4 39. hxg4 hxg4 40. f6+
Rxf6 41. Rxf6 Kxf6 42. Ke1 Ke5 43. Kf2 Nd1+ 44. Ke2 Nc3+ 45. Kd3 c5 46. Ne4
Nxe4 0-1

[Event "5ème Open de St Chély d'Aubrac"]
[Site "St-Chély d'Aubrac"]
[Date "2005.07.15"]
[Round "8.25"]
[White "Trzesniower, Jacques"]
[Black "Wavresky, Andre"]
[Result "0-1"]
[WhiteElo "1430"]
[BlackElo "1570"]
[PlyCount "112"]

1. Nf3 Nf6 2. g3 b6 3. Bg2 Bb7 4. O-O g6 5. d3 d5 6. Nbd2 Bg7 7. Re1 O-O 8. c3
Re8 9. Qc2 Nc6 10. e4 dxe4 11. dxe4 Ng4 12. Nc4 Nge5 13. Qe2 Qd3 14. Ncxe5 Qxe2
15. Rxe2 Nxe5 16. Bf4 Nxf3+ 17. Bxf3 e5 18. Be3 Rad8 19. Bg2 Rd6 20. f3 Red8
21. Kf1 Ba6 22. Ke1 Bxe2 23. Kxe2 Kf8 24. a4 a5 25. Bf1 Ke7 26. Ke1 h5 27. h4
Rh8 28. Rd1 Bh6 29. f4 f6 30. Rxd6 Kxd6 31. Kd2 exf4 32. gxf4 Bg7 33. Bd3 g5
34. fxg5 fxg5 35. Bxg5 Bh6 36. Bxh6 Rxh6 37. Ke3 Ke5 38. Be2 Rh8 39. Bc4 Rf8
40. Be2 Rf4 41. Bxh5 Rxe4+ 42. Kd3 Rxh4 43. Be8 Kd5 44. Bf7+ Kc5 45. b3 Rf4 46.
Bh5 c6 47. Ke3 Rh4 48. Bf7 b5 49. axb5 cxb5 50. Kd3 a4 51. bxa4 bxa4 52. Kc2
Rh2+ 53. Kb1 Rf2 54. Be6 a3 55. Bg8 Rb2+ 56. Kc1 Rg2 0-1

[Event "5ème Open de St Chély d'Aubrac"]
[Site "St-Chély d'Aubrac"]
[Date "2005.07.15"]
[Round "8.26"]
[White "Desboeufs, Claude"]
[Black "Cremers, Bertrand"]
[Result "1-0"]
[WhiteElo "1599"]
[BlackElo "1510"]
[PlyCount "67"]

1. c4 Nf6 2. d4 g6 3. Nc3 Bg7 4. e4 d6 5. Be2 O-O 6. Bg5 Nbd7 7. h3 h6 8. Be3
c5 9. d5 Qa5 10. Qd2 Kh7 11. g4 a6 12. f4 Rb8 13. h4 b5 14. g5 Nxe4 15. Nxe4
Qxd2+ 16. Bxd2 bxc4 17. Rb1 Rxb2 18. Rxb2 Bxb2 19. gxh6 Nb6 20. h5 Bf5 21. Nc3
Bxc3 22. Bxc3 Nxd5 23. Bg7 Rb8 24. Bxc4 Rb1+ 25. Kf2 e6 26. Rh4 Rb4 27. Bxd5
exd5 28. Nf3 Rb2+ 29. Kg3 Rxa2 30. Ng5+ Kg8 31. Bf6 Ra3+ 32. Kf2 Ra2+ 33. Ke1
Ra1+ 34. Bxa1 1-0

[Event "5ème Open de St Chély d'Aubrac"]
[Site "St-Chély d'Aubrac"]
[Date "2005.07.15"]
[Round "8.27"]
[White "Carabetta, Gaetan"]
[Black "Ruetsch, Johan"]
[Result "1-0"]
[WhiteElo "1480"]
[BlackElo "1270"]
[PlyCount "93"]

1. d4 d5 2. c4 e6 3. Nc3 Nf6 4. Bg5 Be7 5. e3 O-O 6. Nf3 dxc4 7. Bxc4 h6 8.
Bxf6 Bxf6 9. O-O Nc6 10. a3 e5 11. dxe5 Qxd1 12. Rfxd1 Bxe5 13. Nxe5 Nxe5 14.
Ba2 Bf5 15. Rd5 f6 16. Rxe5+ Kh8 17. Rxf5 Rad8 18. Rd5 Rde8 19. h3 c6 20. Rd7
Rb8 21. Rad1 a6 22. Rc7 c5 23. Rdd7 Rbc8 24. Rxb7 Rb8 25. Rxg7 Rxb7 26. Rxb7 c4
27. Bxc4 Rc8 28. Bxa6 Ra8 29. Rb6 Kg7 30. Rb7+ Kg8 31. Bc4+ Kf8 32. Rf7+ Ke8
33. Ne4 Rc8 34. Nd6+ Kd8 35. Nxc8 Kxc8 36. b4 Kb8 37. b5 f5 38. b6 f4 39. e4 f3
40. g3 h5 41. a4 h4 42. a5 hxg3 43. fxg3 f2+ 44. Kxf2 Ka8 45. Bd5+ Kb8 46. a6
Kc8 47. a7 1-0

[Event "5ème Open de St Chély d'Aubrac"]
[Site "St-Chély d'Aubrac"]
[Date "2005.07.15"]
[Round "8.28"]
[White "Missinger, Karl"]
[Black "Jaafar, Nacer"]
[Result "0-1"]
[WhiteElo "1099"]
[BlackElo "1280"]
[PlyCount "46"]

1. d4 d5 2. Nf3 Nc6 3. Bf4 Nf6 4. e3 e6 5. Be2 Bd7 6. O-O Bb4 7. Nc3 Bxc3 8.
bxc3 O-O 9. Bd3 h6 10. Ne5 Nxe5 11. Bxe5 a6 12. Bxf6 Qxf6 13. c4 dxc4 14. Bxc4
b5 15. Bxb5 axb5 16. h3 Ra5 17. Qd3 b4 18. c3 bxc3 19. Qxc3 Rg5 20. Rfc1 Qf5
21. Qc2 Qxh3 22. g3 Rh5 23. f3 Qh1+ 0-1

[Event "5ème Open de St Chély d'Aubrac"]
[Site "St-Chély d'Aubrac"]
[Date "2005.07.15"]
[Round "8.29"]
[White "Capron, Michel"]
[Black "Corbet, Philippe"]
[Result "1/2-1/2"]
[WhiteElo "1400"]
[BlackElo "1350"]
[PlyCount "103"]

1. e4 e5 2. Nf3 Nc6 3. Bc4 Bc5 4. d3 h6 5. O-O Nf6 6. Nc3 d6 7. h3 O-O 8. Be3
Bb4 9. Nd5 Ba5 10. Bb5 Nxd5 11. exd5 Ne7 12. Nd2 Nxd5 13. Bc4 Nxe3 14. fxe3 d5
15. Bb3 Bb6 16. Qe2 Qg5 17. Rf3 c6 18. Kh2 Bc7 19. e4 Qh5 20. Rf2 Bg4 21. Qxg4
Qxg4 22. hxg4 Rad8 23. a4 Kh8 24. Ba2 a5 25. c3 f6 26. d4 b6 27. Kh3 Rfe8 28.
Re1 exd4 29. Bb1 dxe4 30. Rxe4 dxc3 31. bxc3 Rxe4 32. Bxe4 c5 33. Bc2 Re8 34.
g3 Re3 35. Rf3 Re2 36. Rd3 g5 37. Bd1 Re1 38. Nf3 Re4 39. Nd2 Re1 40. Nf3 Re4
41. Rd7 h5 42. Nxg5 hxg4+ 43. Bxg4 fxg5 44. Rxc7 Rxa4 45. Rb7 Ra3 46. c4 Rc3
47. Be6 a4 48. Rxb6 a3 49. Ra6 Kg7 50. Bd5 Kf8 51. Ra7 Ke8 52. Kg4 1/2-1/2

[Event "5ème Open de St Chély d'Aubrac"]
[Site "St-Chély d'Aubrac"]
[Date "2005.07.16"]
[Round "9.2"]
[White "Chaplin, Erik"]
[Black "Ivanov, Mikhail M"]
[Result "0-1"]
[WhiteElo "2148"]
[BlackElo "2462"]
[PlyCount "62"]

1. e4 c5 2. Nf3 e6 3. b3 b6 4. Bb2 Bb7 5. Nc3 a6 6. e5 d6 7. exd6 Nf6 8. d4
Qxd6 9. dxc5 Qxc5 10. Na4 Qa5+ 11. Qd2 Bb4 12. c3 Be7 13. c4 Bb4 14. Bc3 Nc6
15. a3 Bxc3 16. Qxc3 Qxc3+ 17. Nxc3 O-O-O 18. Be2 e5 19. O-O h6 20. Rfd1 e4 21.
Nd2 Nd4 22. Bf1 Rhe8 23. Rac1 Kb8 24. h3 g5 25. Re1 h5 26. b4 g4 27. c5 bxc5
28. bxc5 gxh3 29. g3 h4 30. Bxh3 hxg3 31. fxg3 e3 0-1

[Event "5ème Open de St Chély d'Aubrac"]
[Site "St-Chély d'Aubrac"]
[Date "2005.07.16"]
[Round "9.4"]
[White "Boudre, Jean-Pierre"]
[Black "Riff, Sebastien"]
[Result "0-1"]
[WhiteElo "2359"]
[BlackElo "2216"]
[PlyCount "68"]

1. e4 c5 2. Nf3 e6 3. d4 cxd4 4. Nxd4 Nf6 5. Nc3 d6 6. g4 h6 7. h4 Nc6 8. Rg1
h5 9. gxh5 Nxh5 10. Bg5 Nf6 11. Qd2 Qb6 12. Nb3 a6 13. O-O-O Qc7 14. f4 Nh7 15.
f5 Nxg5 16. hxg5 Ne5 17. Nd4 g6 18. Be2 Rg8 19. fxe6 fxe6 20. Qe3 Bg7 21. Qh3
Qd7 22. Rh1 Qe7 23. Na4 Nf7 24. Nb6 Bxd4 25. Rxd4 Rb8 26. Qh7 Kf8 27. Rf1 Qxg5+
28. Kb1 Rg7 29. Qh2 Qc5 30. Qh8+ Rg8 31. Qf6 Qc7 32. Rxd6 Ke8 33. Rd8+ $4 (33.
Nxc8 Rxc8 34. Qxe6+ Kf8 (34... Qe7 35. Qxc8+) 35. Bc4 $18) 33... Nxd8 34. Na4
b5 0-1

[Event "5ème Open de St Chély d'Aubrac"]
[Site "St-Chély d'Aubrac"]
[Date "2005.07.16"]
[Round "9.5"]
[White "Desboeufs, Alexandre"]
[Black "Soyer, Jean-Yves"]
[Result "1/2-1/2"]
[WhiteElo "2052"]
[BlackElo "2146"]
[PlyCount "48"]

1. e4 c5 2. Nf3 d6 3. Bb5+ Bd7 4. Bxd7+ Qxd7 5. O-O Nc6 6. c3 Nf6 7. Qe2 e6 8.
Rd1 Rc8 9. d4 {(=)} 9... cxd4 10. Nxd4 Be7 11. Bg5 a6 12. Na3 Qc7 13. Nac2 O-O
14. Nxc6 Qxc6 15. Rd4 Rfd8 16. Rad1 Qb6 17. Na3 Qa5 18. Bxf6 Bxf6 19. Rxd6 Rxd6
20. Rxd6 Be7 21. Rd7 {(=)} 21... Bxa3 22. bxa3 Qxc3 23. g3 Qxa3 24. Rxb7 g6
1/2-1/2

[Event "5ème Open de St Chély d'Aubrac"]
[Site "St-Chély d'Aubrac"]
[Date "2005.07.16"]
[Round "9.6"]
[White "Boulier, Rene"]
[Black "Deschler, Fabrice"]
[Result "0-1"]
[WhiteElo "1996"]
[BlackElo "2167"]
[PlyCount "66"]

1. e4 c5 2. b4 cxb4 3. d4 d5 4. e5 Nc6 5. a3 e6 6. axb4 Bxb4+ 7. c3 Be7 8. Bd3
h5 9. f4 g6 10. Nf3 Nh6 11. O-O a6 12. Qb3 Rb8 13. Ba3 b5 14. Bxe7 Qxe7 15. Ng5
Kf8 16. Nd2 Kg7 17. h3 a5 18. Qc2 a4 19. Ndf3 Bd7 20. Nh4 Be8 21. Rf3 Qd7 22.
Rg3 Ne7 23. Qe2 b4 24. cxb4 Rxb4 25. Nxf7 Bxf7 26. Qxh5 Nhf5 27. Nxf5+ Nxf5 28.
Qg5 Qe7 29. Bxf5 Qxg5 30. fxg5 gxf5 31. Rc3 Rhb8 32. Kh2 Rc4 33. Rca3 Rbb4 0-1

[Event "5ème Open de St Chély d'Aubrac"]
[Site "St-Chély d'Aubrac"]
[Date "2005.07.16"]
[Round "9.7"]
[White "Nass, Emile"]
[Black "Lagunes, Jean-Renaud"]
[Result "1/2-1/2"]
[WhiteElo "1984"]
[BlackElo "2131"]
[PlyCount "59"]

1. Nf3 Nf6 2. d3 d5 3. Nbd2 Nc6 4. e4 e5 5. Be2 Bc5 6. O-O h6 7. c3 dxe4 8.
dxe4 O-O 9. Qc2 Qe7 10. a4 a5 11. Nc4 Rd8 12. Be3 Bg4 13. Rfe1 Bh5 14. Nfd2 Ng4
15. Bxg4 Bxg4 16. Nb3 Bxe3 17. Nxe3 Be6 18. Rad1 Rxd1 19. Rxd1 b6 20. Nd5 Bxd5
21. Rxd5 Rd8 22. Qd3 Kf8 23. Nd2 Rxd5 24. Qxd5 Nd8 25. Nc4 f6 26. g3 Ke8 27.
Ne3 Qe6 28. Qd1 Qd7 29. Nd5 Kf8 30. Qc2 1/2-1/2

[Event "5ème Open de St Chély d'Aubrac"]
[Site "St-Chély d'Aubrac"]
[Date "2005.07.16"]
[Round "9.8"]
[White "Chokbengboun, Thomas"]
[Black "Duffau, Pascal"]
[Result "0-1"]
[WhiteElo "1900"]
[BlackElo "2038"]
[PlyCount "68"]

1. c4 Nf6 2. Nf3 e6 3. g3 b6 4. Bg2 Bb7 5. O-O Be7 6. Nc3 O-O 7. d3 d5 8. Ne5
c5 9. Bg5 Nbd7 10. Bxf6 Nxf6 11. cxd5 exd5 12. e4 Qc7 13. f4 Rad8 14. Qb3 c4
15. dxc4 dxe4 16. Rfd1 Bd6 17. Nd5 Nxd5 18. cxd5 Bxe5 19. fxe5 Qxe5 20. Qe3
Rxd5 21. Rxd5 Qxd5 22. Re1 Qxa2 23. Qc3 f5 24. Rd1 Qe6 25. Bf1 Kh8 26. Qb4 Rc8
27. Rd6 Qe5 28. Qd2 h6 29. Rd8+ Rxd8 30. Qxd8+ Kh7 31. Bh3 Qc5+ 32. Kf1 Ba6+
33. Ke1 Qg1+ 34. Kd2 Qxh2+ 0-1

[Event "5ème Open de St Chély d'Aubrac"]
[Site "St-Chély d'Aubrac"]
[Date "2005.07.16"]
[Round "9.9"]
[White "Moingt, Jean-Claude"]
[Black "Lengert, Martin"]
[Result "1-0"]
[WhiteElo "2292"]
[BlackElo "1913"]
[PlyCount "53"]

1. e4 e6 2. d3 d5 3. Qe2 Be7 4. Nf3 Nf6 5. g3 O-O 6. Bg2 Re8 7. e5 Nfd7 8. O-O
c5 9. c4 Nb6 10. Nc3 dxc4 11. dxc4 a6 12. Bf4 Nc6 13. Rad1 Nd4 14. Nxd4 cxd4
15. Ne4 Na4 16. Nd6 Bxd6 17. Rxd4 Qb6 18. Rxd6 Qxb2 19. Qxb2 Nxb2 20. Rc1 Rb8
21. c5 Na4 22. c6 Rf8 23. c7 Ra8 24. Be3 a5 25. Bd4 Ra6 26. Rxa6 bxa6 27. Bc6
1-0

[Event "5ème Open de St Chély d'Aubrac"]
[Site "St-Chély d'Aubrac"]
[Date "2005.07.16"]
[Round "9.10"]
[White "Lengert, Vincent"]
[Black "Capron, Daniel"]
[Result "0-1"]
[WhiteElo "1710"]
[BlackElo "2070"]
[PlyCount "68"]

1. e4 d6 2. Nf3 Nf6 3. Nc3 Nbd7 4. Bc4 h6 5. Nd4 Nb6 6. Bb5+ c6 7. Nxc6 bxc6 8.
Bxc6+ Bd7 9. Bxa8 Qxa8 10. d3 d5 11. Qf3 dxe4 12. dxe4 Bc6 13. Qe2 Nxe4 14.
Nxe4 Bxe4 15. f3 {(=)} 15... Bd5 16. Be3 e6 17. Bxb6 axb6 18. Qb5+ Bc6 19. Qxb6
Be7 20. b4 Bf6 21. Rd1 O-O 22. Rd6 Bd5 23. Qa6 {(=)} 23... Bc3+ 24. Kf2 Bd4+
25. Ke1 Qb8 26. b5 Bc5 27. Rd7 Qe5+ 28. Kd1 Qd4+ 29. Kc1 Qa1+ 30. Kd2 Bb4+ 31.
Ke2 Bc4+ 32. Kf2 Qxh1 33. Kg3 g5 34. Rd4 Bf1 0-1

[Event "5ème Open de St Chély d'Aubrac"]
[Site "St-Chély d'Aubrac"]
[Date "2005.07.16"]
[Round "9.11"]
[White "Schmitt, Claude"]
[Black "Tassetti, Matthieu"]
[Result "1/2-1/2"]
[WhiteElo "2040"]
[BlackElo "1956"]
[PlyCount "28"]

1. c4 g6 2. Nc3 Bg7 3. g3 Nf6 4. Bg2 O-O 5. e3 d6 6. Nge2 Nbd7 7. d3 Rb8 8. Rb1
c5 9. O-O a6 10. b4 cxb4 11. Rxb4 Qa5 12. Rb1 Ng4 13. Nd5 e6 14. Ne7+ Kh8
1/2-1/2

[Event "5ème Open de St Chély d'Aubrac"]
[Site "St-Chély d'Aubrac"]
[Date "2005.07.16"]
[Round "9.13"]
[White "Gaftarnik, Olivier"]
[Black "Colandrea, Sauveur"]
[Result "1/2-1/2"]
[WhiteElo "1965"]
[BlackElo "1874"]
[PlyCount "120"]

1. e4 Nf6 2. e5 Nd5 3. c4 Nb6 4. Nc3 d6 5. exd6 cxd6 6. d4 g6 7. Be3 Bg7 8. h3
O-O 9. Nf3 Nc6 10. Be2 d5 11. cxd5 Nxd5 12. Nxd5 Qxd5 13. Qa4 Be6 14. O-O h6
15. Rfd1 a6 16. b3 b5 17. Qa3 Rfd8 18. Rac1 Qd6 19. Qxd6 Rxd6 20. Bf4 Nxd4 21.
Nxd4 Rxd4 22. Rxd4 Bxd4 23. Bf3 Rc8 24. Rxc8+ Bxc8 25. Bxh6 Bf5 26. Bd2 Bb6 27.
b4 Bc8 {(=)} 28. Be3 Bc7 29. Bc6 Be5 30. f4 Bc3 31. Bc5 e5 32. fxe5 Bxe5 33.
Kf2 Bc3 34. Ke3 Bb2 35. Ke4 Bc1 36. Kd4 Bb2+ 37. Ke3 Be6 38. Bb7 Bxa2 39. Bxa6
Bc4 40. Bb7 Bc1+ 41. Ke4 Bb2 42. Bd4 Bc1 43. Ke5 Bh6 44. Bc5 Bd2 45. Kd6 Bf1
46. Kc7 Bf4+ 47. Kb6 Bg5 48. Bc6 Bh4 49. Bd6 Bf2+ 50. Ka6 Kh7 51. Be7 Bg3 52.
Bf6 Bd6 53. Ka5 Bc7+ 54. Ka6 Bd6 {(=)} 55. Bc3 Bg3 56. Bf6 Bd6 57. Ka5 Bc7+ 58.
Ka6 Bd6 59. Bc3 Bg3 60. Bd4 Be1 1/2-1/2

[Event "5ème Open de St Chély d'Aubrac"]
[Site "St-Chély d'Aubrac"]
[Date "2005.07.16"]
[Round "9.14"]
[White "Weigel, Marie"]
[Black "Laine, Patrice"]
[Result "1/2-1/2"]
[WhiteElo "1600"]
[BlackElo "2082"]
[PlyCount "68"]

1. d4 d5 2. Nf3 Nf6 3. Bf4 c6 4. e3 Qb6 5. Qc1 Bf5 6. Nbd2 e6 7. Be2 Be7 8. O-O
O-O 9. c4 Nh5 10. Bg5 Bxg5 11. Nxg5 Nf6 12. Qc3 Nbd7 13. Ngf3 Rac8 14. c5 Qc7
15. b4 Ne4 16. Nxe4 Bxe4 17. Nd2 Bg6 18. Bd3 e5 19. Bxg6 hxg6 20. Rfe1 e4 21.
f3 exf3 22. Nxf3 Rce8 23. Re2 Re4 24. Rae1 Qd8 25. Nd2 Rg4 26. e4 Nf6 27. a3
dxe4 28. Nxe4 Qd5 29. Qd3 Nh5 30. Nc3 Qg5 31. Ne4 Nf4 32. Nxg5 Nxd3 33. Rd1 Nf4
34. Rf2 Rxg5 1/2-1/2

[Event "5ème Open de St Chély d'Aubrac"]
[Site "St-Chély d'Aubrac"]
[Date "2005.07.16"]
[Round "9.15"]
[White "Lagunes, Robin"]
[Black "Vidalinc, Jean-Louis"]
[Result "1/2-1/2"]
[WhiteElo "1560"]
[BlackElo "1986"]
[PlyCount "55"]

1. d4 e6 2. c4 d5 3. Nc3 c6 4. Nf3 Nf6 5. Bg5 h6 6. Bf4 dxc4 7. e3 b5 8. a4 Bb4
9. Be2 O-O 10. O-O Bxc3 11. bxc3 Nd5 12. Qd2 Nxf4 13. exf4 Nd7 14. axb5 cxb5
15. Rfb1 a6 16. Rxb5 axb5 17. Rxa8 Qc7 18. h3 Bb7 19. Rxf8+ Kxf8 20. Ne5 Nf6
21. Qb2 Nd5 22. Qxb5 Nxf4 23. Bxc4 Bxg2 24. h4 Be4 25. Qc5+ Qxc5 26. Nd7+ Ke7
27. Nxc5 Bc6 28. Kh2 1/2-1/2

[Event "5ème Open de St Chély d'Aubrac"]
[Site "St-Chély d'Aubrac"]
[Date "2005.07.16"]
[Round "9.16"]
[White "De Biasi, Robert"]
[Black "Grezes, Yves"]
[Result "0-1"]
[WhiteElo "1895"]
[BlackElo "1760"]
[PlyCount "130"]

1. c4 Nf6 2. g3 g6 3. Bg2 Bg7 4. Nc3 O-O 5. Nf3 c6 6. d4 d5 7. cxd5 cxd5 8. O-O
Nc6 9. a3 Ne8 10. e3 Nd6 11. Nxd5 Bg4 12. h3 Bd7 13. Bd2 Ne4 14. Nc3 Nxd2 15.
Qxd2 Na5 16. Rab1 Bc6 17. Qe2 Rc8 18. Nd2 Bxg2 19. Kxg2 Nc6 20. Rfd1 e6 21. Nf3
Qe7 22. b4 Nxd4 23. Nxd4 Bxd4 24. Nb5 Bb6 25. Rd3 Rfd8 26. Rbd1 Rxd3 27. Rxd3
e5 28. Qd2 e4 29. Rd7 Qf6 30. Nd6 Qf3+ 31. Kh2 Rf8 32. Nc4 Qf6 33. Nxb6 Qxb6
34. Qd5 Qf6 35. Qd2 h5 36. h4 Qa6 37. Qb2 Rc8 38. Qb3 Qf6 39. Qa2 Rc1 40. Qe2
Qa1 41. g4 Rh1+ 42. Kg3 Qg1+ 43. Kf4 Rxh4 44. Kxe4 Rxg4+ 45. Ke5 Qa1+ 46. Rd4
Kg7 47. Qd3 Rxd4 48. exd4 Qe1+ 49. Qe3 Qxe3+ 50. fxe3 f6+ 51. Ke6 h4 52. d5 h3
53. d6 h2 54. d7 h1=Q 55. d8=Q Qc6+ 56. Qd6 Qxd6+ 57. Kxd6 g5 58. Kd5 Kg6 59.
Ke4 f5+ 60. Kf3 Kf6 61. a4 Ke5 62. a5 Kd5 63. b5 Kc5 64. b6 a6 65. e4 fxe4+ 0-1

[Event "5ème Open de St Chély d'Aubrac"]
[Site "St-Chély d'Aubrac"]
[Date "2005.07.16"]
[Round "9.17"]
[White "Sidibe, Malika"]
[Black "Rosenfeld, Imre"]
[Result "1-0"]
[WhiteElo "1730"]
[BlackElo "2047"]
[PlyCount "111"]

1. Nf3 d5 2. e3 Nf6 3. c4 e6 4. b3 Bd6 5. Bb2 Nbd7 6. Be2 O-O 7. O-O b6 8. d3
Bb7 9. Nbd2 c5 10. cxd5 exd5 11. d4 Qe7 12. Rc1 Rfe8 13. h3 Rad8 14. Bd3 Ne4
15. dxc5 bxc5 16. Bxe4 dxe4 17. Ne1 Ne5 18. Qc2 Ba6 19. Nc4 Nxc4 20. bxc4 Bc8
21. Qe2 Bc7 22. Qh5 Rd2 23. Ba3 Bd6 24. Rc2 Rxc2 25. Nxc2 Ba6 26. Qd5 Bb7 27.
Qf5 g6 28. Qg4 Bc8 29. Qe2 Qe5 30. g3 Bxh3 31. Rd1 Be6 32. Na1 h5 33. Bb2 Bxc4
34. Qd2 Qe6 35. Qxd6 Bxa2 36. Qxc5 Rc8 37. Qd4 f6 38. Qxf6 Qxf6 39. Bxf6 Kf7
40. Bd4 a6 41. Rd2 Be6 42. Rc2 Rb8 43. Rc7+ Ke8 44. Rc6 Bg4 45. Rb6 Rc8 46. Rb1
Bf3 47. Kf1 Kf7 {(=)} 48. Nb3 Bg4 49. Nc5 Bf3 50. Rb7+ Ke8 51. Ke1 a5 52. Kd2
Rc6 53. Ra7 Rb6 54. Nxe4 Rb1 55. Nd6+ Kf8 56. Rf7+ 1-0

[Event "5ème Open de St Chély d'Aubrac"]
[Site "St-Chély d'Aubrac"]
[Date "2005.07.16"]
[Round "9.19"]
[White "Ballandras, Marc"]
[Black "Gazel, Bruno"]
[Result "1/2-1/2"]
[WhiteElo "1810"]
[BlackElo "1550"]
[PlyCount "98"]

1. c4 e5 2. Nc3 Nf6 3. Nf3 Nc6 4. e4 Bb4 5. d3 Bxc3+ 6. bxc3 h6 7. g3 O-O 8.
Bg2 d6 9. O-O Ne7 10. Rb1 c5 11. Nh4 g5 12. Nf3 Rb8 13. h4 g4 14. Nh2 Kh7 15.
Qd2 Neg8 16. Qe2 Qd7 17. f3 Nh5 18. Qf2 Nhf6 19. f4 Qe6 20. f5 Qe7 21. Qe2 h5
22. Rf2 Re8 23. Bg5 Qf8 24. Qd2 b6 25. Nf1 Bb7 26. Qc1 Qe7 27. Rfb2 Bc6 28. Ne3
Red8 29. Bf1 Qc7 30. Qc2 Rd7 31. a4 Qd8 32. Qb3 Rdb7 33. Qc2 Qd7 34. Ra2 Qc7
35. Nd5 Bxd5 36. cxd5 Qd7 37. Rab2 Qc7 38. Be3 Qe7 39. Be2 Qd8 40. Bd1 Qe7 41.
Kg2 Qd7 42. c4 Qc7 43. Qd2 Qd7 44. Bg5 Qe7 45. Bxf6 Nxf6 46. Qg5 Rg8 47. Qd2
Rgb8 48. Kf2 Qd7 49. Ke1 Qe7 1/2-1/2

[Event "5ème Open de St Chély d'Aubrac"]
[Site "St-Chély d'Aubrac"]
[Date "2005.07.16"]
[Round "9.20"]
[White "Wavresky, Andre"]
[Black "Baudry, Alain"]
[Result "0-1"]
[WhiteElo "1570"]
[BlackElo "1785"]
[PlyCount "54"]

1. e4 g6 2. d4 d6 3. Nc3 Bg7 4. Nf3 Bg4 5. Be2 Nc6 6. Be3 Nf6 7. Qd2 a6 8. O-O
O-O 9. Rad1 Nd7 10. Bh6 Bxf3 11. Bxf3 Nxd4 12. Bxg7 Nxf3+ 13. gxf3 Kxg7 14. f4
c6 15. Rfe1 Qa5 16. a3 Rad8 17. Re3 Qh5 18. Rg3 f5 19. Rg5 Qh3 20. Rg3 Qh4 21.
Qe3 fxe4 22. Ne2 d5 23. Rh3 Qf6 24. c3 e5 25. fxe5 Nxe5 26. Qh6+ Kf7 27. Rh4
Nf3+ 0-1

[Event "5ème Open de St Chély d'Aubrac"]
[Site "St-Chély d'Aubrac"]
[Date "2005.07.16"]
[Round "9.21"]
[White "Lagunes, Matthieu"]
[Black "Casasnovas, Vincent"]
[Result "1-0"]
[WhiteElo "1780"]
[BlackElo "1530"]
[PlyCount "87"]

1. e4 d6 2. d4 Nf6 3. Nc3 c6 4. f4 Qa5 5. Bd2 e5 6. fxe5 dxe5 7. Nf3 Bg4 8.
dxe5 Bxf3 9. Qxf3 Qxe5 10. Bc4 b5 11. Bf4 Qd4 12. Bb3 b4 13. Rd1 Qb6 14. Na4
Qb5 15. c4 Qb7 16. O-O Be7 17. Bxb8 Rxb8 18. e5 c5 19. exf6 Qxf3 20. Rxf3 Bxf6
21. Re1+ Kd8 22. Kh1 Re8 23. Rd3+ Bd4 24. Rf1 Ke7 25. g3 Kf8 26. Rdf3 Rb7 27.
Bc2 g6 28. Rf4 Rbe7 29. b3 Rb8 30. Be4 Be3 31. Rh4 Kg7 32. Bd5 f5 33. Nb2 Bg5
34. Rh3 Re2 35. Nd3 Be7 36. Re1 Rxe1+ 37. Nxe1 Bf6 38. Nd3 Bd4 39. Nf4 Re8 40.
Ne6+ Kh8 41. Kg2 Re7 42. Kf3 g5 43. Nxg5 Re3+ 44. Kf4 1-0

[Event "5ème Open de St Chély d'Aubrac"]
[Site "St-Chély d'Aubrac"]
[Date "2005.07.16"]
[Round "9.22"]
[White "Lepere, Philippe"]
[Black "Lassis, Patrick"]
[Result "1-0"]
[WhiteElo "1740"]
[BlackElo "1710"]
[PlyCount "77"]

1. d4 Nf6 2. Nf3 d5 3. h3 Nc6 4. Bf4 e6 5. e3 Bd7 6. Nbd2 Be7 7. c4 a5 8. a3
Na7 9. Be2 c5 10. cxd5 Nxd5 11. Bh2 Rc8 12. Qb3 Bc6 13. O-O a4 14. Qd1 Bd6 15.
Ne5 Qc7 16. Ndc4 b5 17. Nxd6+ Qxd6 18. Nxf7 Qf8 19. Nxh8 Qxh8 20. Be5 c4 21.
Bh5+ Kd7 22. e4 Nf6 23. d5 exd5 24. exd5 Nxd5 25. Qg4+ Ke7 26. Rfe1 Kd8 27.
Qg5+ Nf6 28. Rad1+ Bd7 29. Rxd7+ Kxd7 30. Rd1+ Kc6 31. Bf3+ Kb6 32. Qe3+ Ka6
33. Rd6+ Nc6 34. Bxc6 Qd8 35. Bf3+ Qxd6 36. Bxd6 Re8 37. Qc5 Rb8 38. Bxb8 Nd7
39. Qa7# 1-0

[Event "5ème Open de St Chély d'Aubrac"]
[Site "St-Chély d'Aubrac"]
[Date "2005.07.16"]
[Round "9.23"]
[White "Perrin, Yannick"]
[Black "Mathieu, Paul"]
[Result "1/2-1/2"]
[WhiteElo "1720"]
[BlackElo "1860"]
[PlyCount "150"]

1. e4 Nc6 2. d4 d5 3. e5 Bf5 4. Nf3 e6 5. Bb5 a6 6. Bxc6+ bxc6 7. O-O Qb8 8. c3
c5 9. Qa4+ Qb5 10. Qxb5+ axb5 11. dxc5 Bxc5 12. Nbd2 Ne7 13. Nb3 Bb6 14. Kh1
Bd3 15. Rg1 Bxf2 16. Rd1 Bc2 17. Rd2 Bxb3 18. Rxf2 O-O 19. Nd4 Bc4 20. a3 c5
21. Nf3 Nc6 22. Be3 d4 23. cxd4 cxd4 24. Bxd4 Nxd4 25. Nxd4 Rfd8 26. Nf3 h6 27.
h3 Rd5 28. Rd2 Rad8 29. Rad1 Bb3 30. Rxd5 Rxd5 31. Rxd5 exd5 32. Nd2 Bd1 33.
Nf3 Bc2 34. Nd4 Bd3 35. b3 Kf8 36. a4 bxa4 37. bxa4 Ke8 38. Kg1 Kd7 39. Kf2 Kc7
40. e6 fxe6 41. Nxe6+ Kb6 42. Nxg7 Ka5 43. Ke3 Bf1 44. Kf2 Bc4 45. Nf5 h5 46.
Ng3 h4 47. Nf5 Kxa4 48. Nxh4 d4 49. Nf3 d3 50. Ke3 Kb4 51. Ne5 d2 52. Kxd2 Bf1
53. Nd3+ Kc4 54. Nf4 Kd4 55. Ke1 Bb5 56. Kf2 Ke5 57. Ke3 Kf5 58. g4+ Kg5 59.
Ke4 Kh4 60. Ke5 Kg5 61. Ke4 Bc6+ 62. Ke3 Bd7 63. Kf3 Kh4 64. Ng6+ Kxh3 65. g5
Be8 66. Ne5 Kh4 67. Kf4 Kh5 68. Kf5 Ba4 69. Kf6 Bc2 70. Nf7 Bg6 71. Nd6 Bd3 72.
Nf5 Kg4 73. Ng7 Bc2 74. Ne6 Bb1 75. g6 Bxg6 1/2-1/2

[Event "5ème Open de St Chély d'Aubrac"]
[Site "St-Chély d'Aubrac"]
[Date "2005.07.16"]
[Round "9.24"]
[White "Dury, Renaud"]
[Black "Desboeufs, Claude"]
[Result "1-0"]
[WhiteElo "1770"]
[BlackElo "1599"]
[PlyCount "85"]

1. d4 Nf6 2. c4 g6 3. g3 Bg7 4. Bg2 O-O 5. Nc3 d6 6. Nf3 Nc6 7. O-O e5 8. d5
Ne7 9. e4 Bd7 10. h3 a6 11. b4 Qc8 12. Kh2 h6 13. c5 Kh7 14. Nd2 Rh8 15. Nc4
Ne8 16. Bb2 Ng8 17. f4 h5 18. cxd6 Nxd6 19. Nxe5 Bxe5 20. fxe5 Nc4 21. Rxf7+
Kh6 22. Qc1+ g5 23. e6 Bxe6 24. dxe6 Qxe6 25. Rf5 Qg6 26. Nd5 Nxb2 27. Qxb2 Rh7
28. Nf6 Rf7 29. Raf1 Raf8 30. Nxg8+ Qxg8 31. Rxf7 Rxf7 32. Qb3 Kg7 33. Rxf7+
Qxf7 34. Qxf7+ Kxf7 35. Bf3 h4 36. gxh4 gxh4 37. Bg4 b6 38. e5 c5 39. e6+ Ke7
40. bxc5 bxc5 41. Kg2 c4 42. Kf2 c3 43. Ke2 1-0

[Event "5ème Open de St Chély d'Aubrac"]
[Site "St-Chély d'Aubrac"]
[Date "2005.07.16"]
[Round "9.25"]
[White "Luc, Rene"]
[Black "Carabetta, Gaetan"]
[Result "1-0"]
[WhiteElo "1690"]
[BlackElo "1480"]
[PlyCount "39"]

1. c4 Nf6 2. Nc3 g6 3. Nf3 Bg7 4. d4 d5 5. Bf4 Bg4 6. Qa4+ c6 7. h3 Bxf3 8.
exf3 O-O 9. Bd3 Nbd7 10. O-O Re8 11. Rae1 dxc4 12. Qxc4 Rc8 13. Qb3 c5 14. Bc4
e6 15. d5 exd5 16. Nxd5 Rxe1 17. Rxe1 b6 18. Ne7+ Kh8 19. Nxc8 Qxc8 20. Bxf7
1-0